| 000 | 00974nam a22002417a 4500 | ||
|---|---|---|---|
| 005 | 20150922152956.0 | ||
| 008 | 150922t2006 ck |||||r|||| 00| 0 spa d | ||
| 020 | _a9962614090 | ||
| 040 |
_aCO-BoIAVH _cCO-BoIAVH |
||
| 041 | 0 | _aspa | |
| 044 | _ack | ||
| 082 | 0 | 4 |
_a577.30723 _bH44s |
| 100 | 1 | _aHeckadon Moreno, Stanley | |
| 245 | 1 |
_aSelvas entre dos mares _bExpediciones científicas al Istmo de Panamá, siglos XVIII-XX / _cStanley Heckadon-Moreno |
|
| 260 |
_aCali (Colombia): _bInstituto Smithsonian de Investigaciones Tropicales, _c2006. |
||
| 300 |
_a312 páginas : _bilustraciones y fotografías ; _c26 cm. |
||
| 504 | _aIncluye referencias bibliográficas (páginas 299-312). | ||
| 650 | 4 |
_aBosques _zIstmo de Panamá (Panamá) |
|
| 650 | 4 |
_aBosques _xExpediciones botánicas _zIstmo de Panamá (Panamá) |
|
| 650 | 4 |
_aBosques _xFauna _zIstmo de Panamá (Panamá) |
|
| 651 |
_aPanamá _zIstmo de Panamá |
||
| 942 |
_2ddc _cLIBRO |
||
| 999 |
_c17802 _d17802 |
||